000 00459nam a2200169Ia 4500
003 IN-BaIIA
008 211028s9999 xx 000 0 eng d
040 _cIIA Library
080 _a047.1:539.1
_bPRO-7
245 0 _aProgress in nuclear physics
_bvol.7
_cedited by O. R.Frisch
260 _aLondon
_bPergamon Press
_c1959
300 _avii, 326p.
650 _aAtoms
_91137
650 _aNuclear physics
_91527
700 _aFrisch, O. R., ed.
942 _cBK
999 _c2037
_d2037